000 00964cam a2200229 i 4500
003 SA-RiAUC
005 20260405143621.0
008 260319s1906 ua g 000 0cara c
040 _aJO-AmJU
_bara
_cSA-RiAUC
_erda
082 0 4 _a928.1
_qSA-RiAUC
090 _aم ن 928.1
_bا ب ن م
100 1 _aابن معصوم، علي بن أحمد بن محمد،
_d1052-1119 هجري
_eمؤلف.
245 1 0 _aسلافة العصر في محاسن الشعراء بكل مصر /
_cتأليف علي بن أحمد الحسيني الحسني المعروف بابن معصوم.
264 1 _aالقاهرة :
_bالمكتبة المرتضوية،
_c1906
300 _a607 صفحة ؛
_c29 سم
336 _aنص
_btxt
_2rdacontent
_3كتاب
337 _aبدون وسيط
_bn
_2rdamedia
338 _aمجلد
_bnc
_2rdacarrier
650 7 _aالشعراء العرب
_vتراجم
_2aucsh
942 _2ddc
_cRBOOK COPY
_n0
949 _aSA-JeALM
_d260319
_umohamedma123
_n1
999 _c14735
_d14735